The PORTABLE seminary: a master’s level overview in one volume/

Guardat en:
Dades bibliogràfiques
Autor principal: David Horton
Format: Llibre
Idioma:anglès
Publicat: : Bethany House Publishers 2006.
Etiquetes: Afegir etiqueta
Sense etiquetes, Sigues el primer a etiquetar aquest registre!

MARC

LEADER 00000nam a22000007a 4500
008 210125b ||||| |||| 00| 0 eng d
020 |a : 978-0-7642-0665-8 
100 |a David Horton 
245 |a The PORTABLE seminary:  |b  a master’s level overview in one volume/  |c Horton, David. 
250 |c David Horton.- Bloomington 
260 |b : Bethany House Publishers  |c 2006.   |h Minnesota:  |i 691485  |l BV4011.3 .P83  |m Pastoral theology. 
942 |a lcc  |c BK  |e Mr ogunleye 
952 |0 0  |1 0  |2 lcc  |4 0  |6 BV40113 P83  |7 0  |9 1672  |a HOL  |b HOL  |d 2021-01-25  |l 0  |o BV4011.3 .P83  |p 2021-0456  |r 2021-01-25 00:00:00  |w 2021-01-25  |y BK 
999 |c 888  |d 888